Törésvonalak a teljességben Sajó Sándor: Majdnem minden. A megtört totalitás dialektikája [recenzió]
Elmentve itt :
| Szerző: | |
|---|---|
| Adatforrás: | Philobibl |
| Forrásdokumentuma: | Korunk 2019:4. p. 114-120. |
| Dokumentumtípus: | Cikk |
| Nyelv: | magyar |
| Kulcsszavak: | fenomenológia világ másik én idegen totalitás |
| Online elérés: | szabadon hozzáférhető |
| LEADER | 00645nab a2200181 c 4500 | ||
|---|---|---|---|
| 001 | bibPHI00000046 | ||
| 005 | 20230217144823.2 | ||
| 008 | 210922s2019 rm 00010 hun 0 | ||
| 100 | 1 | |a Marosán Bence Péter | |
| 245 | 1 | 0 | |a Törésvonalak a teljességben |b Sajó Sándor: Majdnem minden. A megtört totalitás dialektikája [recenzió] |c Marosán Bence Péter |
| 695 | |a fenomenológia | ||
| 695 | |a világ | ||
| 695 | |a másik | ||
| 695 | |a én | ||
| 695 | |a idegen | ||
| 695 | |a totalitás | ||
| 773 | 0 | |t Korunk |g 2019:4. p. 114-120. | |
| 856 | 4 | 1 | |3 Full text |u https://epa.oszk.hu/00400/00458/00653/pdf/EPA00458_korunk-2019-04_114-120.pdf |z szabadon hozzáférhető |